[Event "Linares 13th"]
[Site "Linares"]
[Date "1995.03.03"]
[Round "3"]
[White "Beliavsky, Alexander G"]
[Black "Short, Nigel D"]
[Result "1-0"]
[WhiteElo "2650"]
[BlackElo "2655"]
[Annotator "Belov,I"]
[PlyCount "147"]
[EventDate "1995.03.01"]
[EventType "tourn"]
[EventRounds "13"]
[EventCountry "ESP"]
[EventCategory "17"]
[SourceTitle "CBM 046"]
[Source "ChessBase"]
[SourceDate "1995.06.01"]
[SourceVersion "1"]
[SourceVersionDate "1995.06.01"]
[SourceQuality "1"]

1. d4 {Hertneck} d5 2. c4 c6 3. Nf3 Nf6 4. Nc3 dxc4 5. a4 Bf5 6. e3 e6 7. Bxc4
Bb4 8. O-O Nbd7 9. Qe2 Bg6 10. e4 O-O 11. Bd3 Qa5 12. Bf4 (12. e5 Nd5 13. Bxg6
(13. Ne4 $14 {ECO}) 13... fxg6 14. Ne4 c5 15. Nd6 (15. Neg5 Rae8 16. Qe4 cxd4
17. Nxd4 Nc5 18. Qh4 h6 19. Ngf3 Qd8 $10 {Razuvaev,Y-Smyslov,V/Rostov/1993/0,5/
26/}) 15... Qa6 16. Qxa6 bxa6 17. Ng5 (17. Be3 $14 {Kasparov}) 17... cxd4 18.
Nxe6 Rfb8 $10 {Kasparov,G-Short,N/London(Wm/13/)1993/0,5/34/}) (12. Na2 $5 {
Hertneck} Qxa4 (12... Be7 13. Bd2 Qh5 14. Nc3 $14 {Szabo,L-Smyslov,V/SWZ/1953})
13. b3 $1 (13. Bf4 Qa5) 13... Qa5 (13... Qxb3 14. Bc2 $18) 14. Nxb4 $1 Qxa1 (
14... Qxb4 15. Ba3 $16) 15. Na2 Bxe4 (15... Nxe4 16. Bf4 Nc3 17. Rxa1 Nxe2+ 18.
Bxe2 $14) 16. Bxe4 Nxe4 17. Qc2 $3 Nc3 18. Nxc3 $14) 12... Rfe8 (12... Bxc3 13.
bxc3 Qxc3 $4 14. Bd2 Qb2 15. Rfb1 $18) 13. h3 Rac8 14. Na2 c5 (14... Qxa4 15.
Nc3 Qb3 16. Bc4 $18) (14... Bf8 15. b4 Qd8 (15... Bxb4 16. Nxb4 Qxb4 17. Rfb1
Qa5 18. Rxb7 $16) (15... Qxa4 16. Nc3 Qxb4 17. Rfb1 Qe7 (17... Qxc3 18. Bd2 $18
) 18. Rxb7 $16) 16. Rab1 $14 (16. a5 {Hertneck} h6 17. Rfd1 $14 {Polugaevsky,
L-Ribli,Z/London/1986})) 15. Nxb4 Qxb4 16. Bd2 (16. Bd6 $6 {Hertneck} e5 $3) (
16. Bb5 $2 {Hertneck} cxd4 17. e5 d3 18. Qd2 Qxd2 19. Bxd2 a6 $17) 16... Qb6
17. a5 $14 Qd8 18. a6 bxa6 (18... b6 19. Bc3 cxd4 20. Nxd4 Nc5 (20... Qe7 $13 {
Hertneck}) 21. Bb5 $16) 19. Bxa6 (19. Rxa6 {Hertneck} cxd4 $132) 19... Rb8 20.
Ba5 Qe7 21. Bc7 Bxe4 $5 (21... Rb4 22. e5 Nd5 (22... Ne4 {Hertneck} 23. Bd3 Rb7
$8 24. Ba5 Ng5 25. Bxg6 hxg6 $13) 23. Bd6 Qd8 24. dxc5 $16) 22. Bxb8 Rxb8 23.
Rfc1 (23. Ng5 Bd5 24. dxc5 Nxc5 $14) 23... Bxf3 24. Qxf3 cxd4 (24... Rxb2 $6
25. dxc5 Nxc5 26. Qa8+ Ne8 27. Rxc5 $18) 25. Rc8+ $1 Rxc8 26. Bxc8 Nf8 (26...
Nb6 27. Qb7 Qe8 (27... Nxc8 28. Qxc8+ Ne8 29. Rxa7 $18) 28. Rxa7 Nxc8 29. Ra8
$18) 27. Ba6 Qb4 28. Qb7 Qd2 (28... Qxb7 29. Bxb7 $16) 29. Bf1 a5 30. Qb5 h6 (
30... Ne4 31. Qe2 $16) 31. Ra3 (31. Rxa5 $6 Ne4 32. Be2 Qe1+ $132) 31... Ng6
32. Rd3 Qf4 33. Qxa5 $16 e5 34. g3 (34. Qd2 Qf5 35. b4 $16) 34... Qc1 35. Qd2
Qc7 36. Bg2 Qb6 37. Qe2 (37. b4 Nf8 38. Ra3 e4 $132) 37... Nd7 38. Ra3 Qc5 39.
Be4 Ngf8 40. Qc2 Qb4 41. Bd5 (41. Ra7 $5 Nf6 42. Bd3 e4 43. Bc4 $16) 41... Nf6
42. Bb3 Qe1+ 43. Kg2 Ne4 44. Bc4 (44. Ra7 $2 d3 45. Bxf7+ Kh8) 44... Nd2 45.
Ra7 Nxc4 (45... Ne6 46. Qf5 Nxc4 47. Qxf7+ Kh8 48. Ra8+ Kh7 49. Qf5+ g6 50.
Qf7+ Ng7 51. Qg8#) 46. Qxc4 Qe4+ 47. f3 (47. Kh2 Qf3 48. Qc2 e4 $132) 47... Qg6
48. Ra8 (48. Rc7 Ne6 (48... Qb1 49. Qc2 Qe1 50. Rc8 g6) 49. Rc8+ Kh7 50. Qd5
$16) 48... Qb1 49. Qe2 Qc1 (49... d3 50. Qd2 g6 51. Rd8 $18) 50. Rd8 (50. Re8
$2 d3 51. Qxd3 Qxb2+ $14) 50... Qc7 (50... g6 $5) 51. Re8 f6 52. h4 Kf7 53. Ra8
Ne6 54. b4 f5 $6 (54... Qb7 55. Qa6 Qxb4 56. Ra7+ $18) (54... Qc6 55. Ra7+ Kg8
56. b5 Qd5 57. Qa2 $18) 55. Ra6 Kf6 56. b5 Qd7 57. Qc4 $18 d3 58. Qc6 Qxc6 (
58... Qe7 59. Qd5 $18) 59. Rxc6 Ke7 60. Rc1 (60. b6 $4 d2 $19) 60... Kd6 61.
Kf2 Nc5 (61... f4 62. gxf4 exf4 63. b6 d2 64. Rd1 Kc6 65. Rxd2 $18) 62. Rc3 (
62. Ke3 g5 63. hxg5 hxg5 64. Rb1 f4+ 65. gxf4 gxf4+ 66. Kd2 Kd5 67. b6 Kc6 68.
Rb4 $18) 62... e4 (62... g5 $5 63. h5 f4 64. gxf4 gxf4 65. Ke1 $18) 63. b6 d2 (
63... Kc6 64. Rxc5+ $18) 64. Ke2 exf3+ 65. Rxf3 Kc6 66. Rxf5 Ne4 (66... Kxb6
67. Kxd2 Ne4+ 68. Ke3 Nxg3 69. Re5 Kc6 70. Kf3 Kd6 71. Ra5 Nf1 72. Ra2 $18) 67.
Re5 Nxg3+ 68. Kxd2 g5 (68... Kxb6 69. Ke3 g6 (69... Kc6 70. Kf3 Kd6 71. Ra5 Nf1
72. Ra2 $18) 70. Kf3 Nh5 71. Re6+ Kc5 72. Rxg6 $18) 69. hxg5 hxg5 70. Kd3 g4 (
70... Kxb6 71. Rxg5 Nf1 72. Ke2 Nh2 73. Rg2 $18) 71. Re6+ Kb7 72. Kc4 Nf5 73.
Rf6 Ne3+ 74. Kc5 1-0

[Event "Madrid"]
[Site "Madrid"]
[Date "1995.??.??"]
[Round "2"]
[White "Beliavsky, Alexander G"]
[Black "Timman, Jan H"]
[Result "1-0"]
[WhiteElo "2650"]
[BlackElo "2635"]
[Annotator "Ftacnik,L"]
[PlyCount "65"]
[EventDate "1995.05.??"]
[EventType "tourn"]
[EventRounds "9"]
[EventCountry "ESP"]
[EventCategory "16"]
[SourceTitle "CBM 047"]
[Source "ChessBase"]
[SourceDate "1995.08.01"]
[SourceVersion "1"]
[SourceVersionDate "1995.08.01"]
[SourceQuality "1"]

1. d4 {Dautov} Nf6 2. c4 e6 3. Nc3 Bb4 4. Qc2 d5 5. cxd5 exd5 6. Bg5 h6 7. Bh4
c5 8. dxc5 g5 9. Bg3 Ne4 10. e3 Qa5 11. Nge2 (11. Be5 O-O 12. Bd3 Nc6 13. Bxe4
Nxe5 14. Bh7+ (14. Bxd5 Bg4 $1 15. Nf3 Bxf3 16. Bxf3 Nxf3+ 17. gxf3 Rac8 18.
O-O {Kasparov,G-Short,N/London (m/5)/1993/0.5 (18)}) 14... Kg7 15. Bd3 Bg4 (
15... d4 16. exd4 Bxc3+ 17. bxc3 Nxd3+ 18. Qxd3 Bf5 19. Qc4 Rfe8+ 20. Kd2 b5
21. Qb4 Qc7 22. Ne2 a5 23. Qb2 Bg6 24. h4 {Sokolov,I-Short,N/Wijk op (12)/1995/
0.5 (63)}) 16. Nge2 Bxe2 17. Bxe2 Rac8 18. O-O Bxc3 19. bxc3 Qxc5 20. Rad1 Rfd8
21. Qf5 Qe7 22. f4 gxf4 23. exf4 Ng6 24. Qg4 {Ryskin,A-Pushkov,N/Sochi/1993/
1-0 (34)}) (11. Be5 {Dautov}) 11... Nc6 (11... Bf5 12. Be5 $1 (12. Qc1 Nd7 13.
Bd6 Ndxc5 14. Bxc5 Qxc5 15. a3 Bxc3+ 16. Nxc3 Nxc3 17. Qxc3 Qxc3+ {Relange,
E-Ward,C/Paris-London (02)/1994/0.5 (17)}) 12... O-O 13. Nd4 Bg6 $2 (13... Nxc3
14. Nxf5 (14. Qxf5 Ne4+ 15. Ke2 Nc6 16. Nxc6 Qa6+ 17. Kf3 Qxc6 18. Bd3 Bxc5 19.
Bxe4 dxe4+ 20. Qxe4 f6 21. Qxc6 (21. Bd4 g4+ 22. Kf4 Bd6+ 23. Kf5 Qb5+ 24. Kxg4
f5+) 21... fxe5+ 22. Ke4 bxc6 23. Rac1 Bb6 24. Rxc6 {Relange,E-Emms,J/
Paris-London (04)/1994/0-1 (29)}) 14... Ne4+ 15. Kd1 Nc6 16. Bg3 Bxc5 17. f3
Rfd8 18. Nxh6+ Kg7 19. Nxf7 Kxf7 20. fxe4 dxe4+ 21. Kc1 Bxe3+ 22. Kb1 Kg7 23.
a3 Rd2 24. Qxe4 {Law,A-Ward,C/London Lloyds (08)/1994/0-1 (25)}) 14. Nb3 $1
Nxc3 15. Bxc3 $1 Bxc2 16. Nxa5 Bxc3+ 17. bxc3 b6 18. Kd2 $1 bxa5 19. Kxc2 Rc8
20. h4 $1 Nd7 21. hxg5 Nxc5 22. gxh6 $1 Ne4 23. c4 Nxf2 $1 24. Rh4 $1 {
Kasparov,G-Short,N/London (m/9)/1993/1-0 (52)}) 12. a3 $1 $146 {N} (12. f3 Nxg3
$1 (12... Nxc3 {Dautov} 13. Nxc3 Qxc5 14. Qd2 $14) 13. hxg3 Bxc5 14. Qd2 Be6
15. Nd4 (15. Rd1 O-O-O 16. Nd4 Nxd4 17. exd4 Bd6 18. Kf2 Qc7 19. Ne2 Kd7 20.
Rc1 Qb8 21. g4 Rdf8 22. a3 f5 23. gxf5 Rxf5 24. Rc3 {Gustafsson,J-Steckner,J/
Hamburg Wichern-op (05)/1993/0-1 (36)}) 15... Nxd4 16. exd4 Bb4 $6 (16... Be7 {
Dautov}) (16... Bd6 {Dautov}) 17. a3 Bxc3 18. Qxc3 Qxc3+ 19. bxc3 $14 {
Alterman,B-Kortschnoj,V/Groningen/1993/0.5 (40) Alterman,B-Kortchnoi,V/
Groningen 1993}) 12... Bf5 (12... Bxc5 $5 {Dautov} 13. O-O-O (13. Rd1 Bf5 14.
Qb3 (14. Qc1 d4 $1 15. exd4 (15. Nxd4 Nxd4 16. exd4 Bxa3 $132) 15... Nxc3 16.
Qxc3 Qxc3+ 17. Nxc3 Nxd4 $10) 14... O-O-O 15. Rxd5 Be6 16. Rxd8+ Rxd8 $44) (13.
Qa4 Qxa4 14. Nxa4 Nxg3 15. hxg3 Be7 $10) 13... Nxg3 14. Nxg3 (14. hxg3 Be6 15.
Nd4 Nxd4 16. exd4 Be7 17. Bb5+ Kf8 $10) 14... Be6 15. h4 g4 16. Nb5 $5 $14) 13.
Qc1 Nxc5 (13... Bxc3+ 14. Nxc3 Nxc3 (14... Nxg3 15. hxg3 Qxc5 16. Nb5 Qe7 17.
Qc3 $16 (17. Qc3 {Dautov} f6 18. Be2 $16)) (14... Qxc5 15. Nxe4 Qxc1+ 16. Rxc1
dxe4 17. Bb5 $16) 15. Qxc3 Qxc3+ 16. bxc3 $16) 14. axb4 Nd3+ (14... Qxb4 15.
Nd4 $18) 15. Kd2 Qxb4 (15... Nxc1 16. Rxa5 Nb3+ 17. Ke1 $1 Nxb4 18. Rxd5 Nxd5
19. Nxd5 $16) 16. Ra4 (16. Qc2 Nxf2 (16... Nc5 {Dautov} 17. Qxf5 Qxb2+ 18. Ke1
(18. Qc2 Nb3+ 19. Kd1 Qxa1+ 20. Nc1 d4 21. Qxb3 dxc3 $40) 18... Qxa1+ 19. Nd1
Ne7 20. Qc2 Ne4 $40) 17. Qxf5 Qxb2+ 18. Ke1 Nxh1 19. Rb1 Qa3 (19... Nxg3 20.
Qf6 $1 $18) 20. Rxb7 O-O 21. Nxd5 $16) 16... Nxc1 17. Rxb4 Nxe2 (17... Nxb4 18.
Nxc1 $16) 18. Rxb7 Nxg3 (18... Nxc3 19. bxc3 (19. Kxc3 {Dautov} Rc8 (19... O-O
20. Bd3 $16) 20. Kd2 O-O 21. Bd3 $14) 19... O-O 20. h4 $16) 19. hxg3 d4 (19...
Rd8 20. Bb5 Bd7 21. Nxd5 $16) 20. exd4 (20. Nb5 Rd8 21. exd4 Nxd4 22. Nxd4
Rxd4+ 23. Kc3 $16) 20... Nxd4 21. Nd5 (21. Bc4 $2 {Dautov} O-O-O $1 22. Rxf7
Nb3+ 23. Ke1 Rhe8+ 24. Be2 Bd3 $15) 21... Rd8 (21... Kf8 {Dautov >=} 22. Kc3 (
22. Bc4 Be6 23. Kc3 Nf5 $132) 22... Ne6 23. Bc4 Nc5 24. Rc7 Ne6 25. Rc6 Kg7 26.
Ra1 $14) 22. Bc4 O-O (22... Nc6 23. Kc3 $16) (22... Be6 23. Nc7+ Kf8 24. Nxe6+
Nxe6+ 25. Kc3 $16 (25. Ke3 $16 {Dautov})) 23. Kc3 (23. Rxh6 $2 {Dautov} Be4 24.
Nf6+ Kg7 25. Nxe4 Kxh6 26. Bxf7 $10) 23... Ne2+ 24. Kb4 $1 {/\Ne7,Rxh6} Kg7 (
24... Rb8 25. Ne7+ Kh7 26. Rxb8 (26. Nxf5 Rxb7+ 27. Ka3 Rfb8 28. Rxh6+ Kg8 29.
Rg6+ Kf8 30. Rxg5 $40) 26... Rxb8+ 27. Ka3 (27. Kc5 {Dautov} Bg4 28. Re1 Rxb2
29. f3 $16) 27... Bg4 28. Nd5 Be6 29. Rd1 Bxd5 30. Rxd5 {xNe2}) (24... Nd4 25.
Ne7+ Kg7 26. Rxa7 $16) 25. Rd1 Bg4 (25... Rb8 26. Rxb8 Rxb8+ 27. Ka3 Re8 28.
Re1 Be6 29. Rxe2 Bxd5 30. Rxe8 Bxc4 31. g4 $18) 26. Rd2 (26. f3 {Dautov} Be6
27. Bxe2 Rxd5 28. Rxd5 Bxd5 29. Rxa7 $16) 26... Rfe8 (26... Rb8 27. Rxb8 Rxb8+
28. Ka5 (28. Ka3 {Dautov} Ng1 29. Ne3 $16) 28... Nc1 29. Ka6 $16) 27. Rxa7 Re4
(27... Rb8+ 28. Kc5 Rbc8+ 29. Rc7 $16) 28. f3 Nd4 (28... Rb8+ 29. Kc5 Rc8+ 30.
Rc7 $18) 29. Rxf7+ (29. Kc3 Rxd5 30. Rxf7+ $1 Kxf7 31. Bxd5+ $18) 29... Kxf7
30. fxe4 Ne6 (30... Rb8+ 31. Kc3 Nb5+ 32. Bxb5 Rxb5 33. Rf2+ Kg7 34. Kc4 Ra5
35. b4 $18) (30... Nc6+ 31. Kc3 $18) 31. Rf2+ Kg7 32. Ne3 Rb8+ 33. Kc3 (33. Kc3
Nc5 34. Kd4 $18) 1-0

[Event "Dortmund SuperGM 23rd"]
[Site "Dortmund"]
[Date "1995.07.23"]
[Round "9"]
[White "Beliavsky, Alexander G"]
[Black "Leko, Peter"]
[Result "1-0"]
[WhiteElo "2650"]
[BlackElo "2605"]
[Annotator "Dautov,R"]
[PlyCount "109"]
[EventDate "1995.07.14"]
[EventType "tourn"]
[EventRounds "9"]
[EventCountry "GER"]
[EventCategory "17"]
[SourceTitle "CBM 048"]
[Source "ChessBase"]
[SourceDate "1995.10.01"]
[SourceVersion "1"]
[SourceVersionDate "1995.10.01"]
[SourceQuality "1"]

1. d4 {Baburin} Nf6 2. c4 e6 3. Nc3 Bb4 4. Qc2 O-O 5. a3 Bxc3+ 6. Qxc3 b6 7.
Bg5 Bb7 8. e3 d5 $6 {N} (8... d6 9. f3 Nbd7) 9. cxd5 Bxd5 10. f3 $1 {/\e4-e5} (
10. Bxf6 Qxf6 11. Qxc7 Nc6 $44 {/\Rc8,Na5-b3}) (10. Rc1 Nbd7 11. Qxc7 Rc8 12.
Qxc8 Qxc8 13. Rxc8 Rxc8 $44) (10. Nf3 Nbd7 11. Ba6 $5 c5 12. O-O cxd4 13. exd4
(13. Qxd4 Nc5) 13... Ne4 14. Bxd8 Nxc3 15. Be7 Rfe8 16. Bh4 Nb8 17. Bd3 Na4 $13
) 10... Bb7 11. Rc1 (11. Bxf6 $5 gxf6 (11... Qxf6 $2 12. Qxc7 $16) 12. Rc1 c6
13. Bd3 Nd7 14. Ne2 $14) 11... c6 (11... Nbd7 $2 12. Qxc7 Rc8 13. Qxd8 Rxc1+
14. Kd2 Rxd8 15. Kxc1 Rc8+ 16. Kd2 $16) 12. Nh3 (12. Bd3 $5 Nbd7 13. Ne2 h6 14.
Bh4 Nd5 15. Bxd8 Nxc3 16. Bh4 Nxe2 17. Kxe2 $14) 12... h6 13. Bh4 Nbd7 14. Bc4
Rc8 15. O-O c5 16. Rfd1 $14 {^^} Qe7 17. dxc5 Qxc5 18. Qe1 Qe7 (18... Qe5 $2
19. Bg3 Qxb2 20. Bd6 Ne5 (20... Rfe8 $2 21. Rd2 $18) 21. Rb1 Nxc4 22. Rxb2 Nxb2
23. Bxf8 Nxd1 24. Bxg7 Kxg7 25. Qxd1 $18) 19. Bg3 {[%csl Rd6] ><d6} (19. Nf2 $5
Ne5 20. Be2 $14) 19... Rc6 20. Bb5 Rxc1 21. Rxc1 Rc8 22. Rd1 {Baburin The
White Bishops are much stronger here than Black's minor pieces, which are
quite limited. White proves his advantage in the endgame later on.} e5 $5 (
22... a6 23. Bd6 Qd8 24. Bf1 $14) 23. Qd2 Nf8 24. Bf1 {/\e4} Ng6 $2 {Schwarz
sollte auf keinen Fall die Fixierung e3-e4 zulassen.} (24... e4 $1 25. Bd6 (25.
f4 Ne6 26. Bh4 Rd8 27. Qb4 Qxb4 28. Rxd8+ Nxd8 29. axb4 Nc6 $10) 25... Qe6 (
25... Qd7 26. f4 Nd5 27. Be5 Ng6 28. Bd4 $13) 26. Nf4 Qb3 $10) 25. e4 $1 Nh5
26. Be1 Qc5+ 27. Nf2 Nf8 28. Qb4 $1 Qxb4 29. Bxb4 {Im Endspiel wird der weiße
"Zweiläufervorteil" deutlicher. Außerdem wird der weiße Springer endlich aktiv.
} Nf4 30. Ng4 f6 31. Ne3 $16 N4e6 32. Nf5 Kh7 (32... Rc2 $2 33. Bc3 Nf4 34. Re1
$18 {/\Ne3}) 33. Nd6 Rd8 34. Rc1 Ba8 35. Nf5 (35. Rc8 a5 36. Rxd8 Nxd8 37. Bd2
$16 {><b6}) 35... g6 36. Ne3 Kg7 37. Ba6 Nd7 38. Be7 $1 Re8 39. Bd6 Ndc5 (39...
Rd8 40. Bc7 Rf8 41. b4 $16) 40. Bb5 Rd8 41. Be7 Rd2 42. b4 $18 Nd4 (42... Nb3
43. Rc8 Bb7 44. Rb8 Nbd4 45. Rxb7 Nxb5 46. Bd8+ Kf8 47. Bxf6 $18) 43. bxc5 Nxb5
44. c6 Kf7 (44... Nc7 45. Nd5 Nxd5 46. exd5 $18) 45. c7 Bb7 46. Bb4 Rd3 47. Nd5
a5 (47... Bc8 48. Ne7 $18) 48. Be1 Nd6 49. Nxb6 Nc8 50. Rb1 Ke7 51. Bxa5 Ba6
52. Na4 Bc4 53. Rb8 Be6 54. Bb4+ Kf7 (54... Kd7 55. Nc5+ Kxc7 56. Rxc8+ $18)
55. Nb6 1-0

[Event "Reggio Emilia 9596 38th"]
[Site "Reggio Emilia"]
[Date "1995.12.28"]
[Round "1"]
[White "Beliavsky, Alexander G"]
[Black "Vaganian, Rafael A"]
[Result "1-0"]
[WhiteElo "2650"]
[BlackElo "2645"]
[Annotator "Ftacnik,L"]
[PlyCount "119"]
[EventDate "1995.12.28"]
[EventType "tourn"]
[EventRounds "9"]
[EventCountry "ITA"]
[EventCategory "14"]
[SourceTitle "CBM 051"]
[Source "ChessBase"]
[SourceDate "1996.04.01"]
[SourceVersion "1"]
[SourceVersionDate "1996.04.01"]
[SourceQuality "1"]

1. d4 {Hecht} e6 2. c4 d5 3. Nc3 Be7 4. Nf3 Nf6 5. Bg5 O-O 6. e3 h6 7. Bh4 Ne4
8. Bxe7 Qxe7 9. cxd5 Nxc3 10. bxc3 exd5 11. Qb3 Rd8 12. c4 dxc4 13. Bxc4 Nc6
14. Qc3 Bg4 15. O-O Bxf3 16. gxf3 Qh4 $6 {This less exact move enables white
to regroup his forces, since the f3 pawn is not hit.} (16... Qf6 17. Be2 (17.
f4 Ne7 18. Rac1 Rac8 19. h3 Rd6 20. Kh2 Nf5 21. Be2 g6 22. Qa5 h5 23. Rxc7 Rxc7
24. Qxc7 Nxd4 25. exd4 Qxf4+ 26. Kg2 Qg5+ 27. Kh1 Qd5+ 28. Kh2 Qxd4 29. Bf3
Qf4+ 30. Kg2 Qg5+ 31. Kh1 {1-0 Shabrin,A-Gorelov,S/URS-ch Club Pavlodar/1991 
(41)}) 17... Rac8 $1 $10 {/\Ne7,c5} 18. Rab1 b6 19. Rfc1 Ne7 20. Kh1 Rd5 $5 {
1/2-1/2 Karpov,An-Yusupov,A/London (m6)/1989 (46)}) 17. Kh1 Rd6 (17... Qh3 18.
Be2 Rd6 19. Rg1 $14) 18. Rg1 $1 Ne7 (18... Qxf2 19. Raf1 Qh4 20. d5 Qf6 21.
Qxf6 Rxf6 22. dxc6 $18) 19. Rg4 Qh5 (19... Qxf2 20. Rf1 Nd5 21. Qb3 Qxe3 22.
Bxd5 $18) 20. Rag1 Rg6 (20... g6 21. Qb3 $18) (20... Kf8 $5 21. Bb3 (21. Qb4
Rb6 22. Qc5 Qxc5 23. dxc5 Rb4 (23... Rb4 $1) 24. a3 Ra4 25. Rb1 Rb8) (21. d5
Ng6 22. Bb3 $14) 21... Rc6 22. Qb4 Rb6 23. Qc5 Qxc5 24. dxc5 Rg6 25. Rd1 $14)
21. Qb4 {This is the whole problem, points e7 and b7 are burning.} b5 (21...
Rxg4 22. fxg4 Qg6 23. Qxb7 $18) 22. Qxb5 Qxb5 23. Bxb5 Rb8 24. Bc4 Rxg4 25.
fxg4 {Hecht: TL-TS: starker Angriffs-/Verteidigungs-L, schwarze B-Schwächen}
Rb2 26. Kg2 a5 (26... Ng6 27. Rc1 $18) 27. Rc1 a4 28. Rc3 Kf8 29. Ra3 Nc8 (
29... Rb4 30. Bb3 $1 axb3 31. Ra8+ Nc8 32. Rxc8+ Ke7 33. axb3 $18) 30. Bd5 (30.
Rxa4 $2 Nb6) 30... Nb6 31. Bc6 Rb4 32. Rc3 Rb2 33. Be4 Rxa2 34. Rxc7 {In a
position with pawn assymetry the B is much stronger than the N.} a3 35. Ra7 g5
(35... g6 36. Kf3) 36. Kf3 Kg7 37. Bf5 Kf8 38. Bd3 Ra1 (38... Kg7 39. e4 Ra1
40. e5 a2 41. Bc2 $18) 39. Bc2 Nc4 40. Ke2 Ra2 (40... a2 41. Bb3 $18) 41. Kd3
Nd6 42. Rd7 Ne4 (42... Nb5 43. Rxf7+ Kxf7 44. Bb3+ $18) 43. f3 Ke8 (43... Nf2+
44. Kc3 Ra1 45. Bb3 $18) 44. Ra7 Nd6 45. e4 Ra1 46. e5 Nc8 (46... Nb5 47. Ba4
$18) 47. Ba4+ Kf8 (47... Kd8 48. Rd7+ Ke8 49. Rb7+ Kd8 50. Kc2 $18) 48. Ra8 Kg7
(48... Rc1 49. Bc2 $18) 49. Bb3 (49. Rxc8 a2 50. Bb3 Rd1+ 51. Bxd1 a1=Q $13)
49... Ne7 50. Ra7 Kf8 51. Ra6 Ng6 (51... Kg7 52. Rf6 $18) 52. Ra8+ Kg7 53. Ra7
Nf4+ (53... Nh8 54. e6 $18) 54. Ke4 a2 (54... Re1+ 55. Kf5 $18) 55. Kf5 (55.
Rxf7+ Kg6 56. Rf6+ Kh7 57. Kf5 $18) 55... Rf1 56. Rxf7+ Kh8 57. Bxa2 Rxf3 58.
Rf8+ Kg7 59. Rf7+ Kh8 60. Ke4 $1 (60. Ke4 Rf2 61. Bc4 Rxh2 62. e6 $18) 1-0

[Event "Ubeda"]
[Site "Ubeda"]
[Date "1997.02.14"]
[Round "5"]
[White "Timman, Jan H"]
[Black "Beliavsky, Alexander G"]
[Result "0-1"]
[WhiteElo "2630"]
[BlackElo "2665"]
[Annotator "Beliavsky,A"]
[PlyCount "94"]
[EventDate "1997.02.07"]
[EventType "tourn"]
[EventRounds "11"]
[EventCountry "ESP"]
[EventCategory "16"]
[SourceTitle "CBM 058"]
[Source "ChessBase"]
[SourceDate "1997.06.01"]
[SourceVersion "1"]
[SourceVersionDate "1997.06.01"]
[SourceQuality "1"]

1. e4 {Mueller,Ka} d5 2. exd5 Qxd5 3. Nc3 Qa5 4. d4 Nf6 5. Nf3 c6 6. Bd2 (6.
Ne5 Be6 7. Nc4 Bxc4 8. Bxc4 e6 9. O-O Be7 10. Qd3 Nbd7 11. Ne4 Rd8 12. Bf4 O-O
13. c3 Nh5 $1 14. Bd6 Bxd6 15. Nxd6 Qg5 $1 16. Qf3 Nb6 17. Ne4 Qf5 18. Be2 Nf4
$15 {Rabiega-Beliavsky,A/Austria/1997/}) 6... Bf5 (6... Bg4 $5) 7. Nh4 {
Mueller,Ka: dieser Springerausfall kann nicht überzeugen, da der schwarze
Läufer einfach wegzieht und der Springer h4 danach dort nichts verloren hat.} (
7. Bc4) 7... Bg4 8. Be2 (8. f3 Be6 9. Bd3 (9. f4 {Mueller,Ka} g6 (9... Nbd7 10.
f5 $5) 10. Ne4 Qb6 11. Nxf6+ exf6 $11) 9... g6 $13) (8. Ne4 $2 {Mueller,Ka}
Bxd1 9. Bxa5 Bxc2 $17) 8... Bxe2 9. Qxe2 Qa6 $1 10. Qf3 e6 11. O-O-O Nbd7 12.
Rhe1 (12. g4 $5) 12... O-O-O 13. Kb1 Nb6 (13... Bb4 $5) 14. Bg5 Bb4 15. a3 (15.
Bxf6 {Mueller,Ka} gxf6 16. Qxf6 $2 Bxc3 17. bxc3 Nc4 18. Qe7 Rd6 $19) 15...
Bxc3 16. Qxc3 Rd5 (16... Nbd5 17. Qb3 h6 18. Bc1 b5 19. Nf3 Nd7 $13) 17. Bc1 (
17. Bxf6 gxf6 18. f4 Na4 19. Qe3 Rb5 20. b3 Nb6 $36) 17... Rhd8 18. Nf3 Nc4 19.
Ka2 Nd6 (19... Ra5 20. Ne5 Nxe5 21. dxe5 Rxd1 22. Rxd1 Nd5 23. Qf3 $16) (19...
e5 20. b3 $1) 20. Qd3 (20. Ne5 $2 Nb5) 20... Qxd3 21. Rxd3 Nf5 22. Ne5 Rf8 (
22... Rxd4 23. Rxd4 Nxd4 24. c3 Nf5 25. Nxf7 $16) 23. c3 Nd7 24. Nc4 (24. Rh3
Nxe5 25. Rxe5 Rxe5 26. dxe5 h6 27. g4 Ne7 28. f4 b5 29. Kb3 Rd8 30. Kc2 $11) (
24. f4 Nxe5 25. fxe5 h5 26. Bf4 c5 $17) 24... b5 $1 25. Na5 $2 (25. Ne3 Nxe3
26. fxe3 c5 27. e4 $13) 25... c5 26. g4 Ne7 27. Rh3 h6 28. dxc5 Nxc5 29. Be3 (
29. c4 $1 bxc4 30. Nxc4 Nd3 (30... Rd4 31. Rc3 Nd5 32. Nd6+ Kd7 33. Rxc5 Kxd6
34. Ra5) 31. Rf1 Nc6 32. Be3 $13) 29... Kd7 $1 30. Bd4 (30. c4 bxc4 31. Nxc4
$11) 30... f6 31. f4 Ng6 32. Rf3 Rc8 $1 33. Nb3 Nxb3 34. Kxb3 a6 35. Re4 Rc4
36. Re2 a5 $17 37. h3 Ne7 38. Bf2 (38. Rfe3 Nc6 39. Rxe6 Rdxd4 40. Rxc6 Kxc6
41. cxd4 Rxd4 $17) 38... Nc6 39. Bg3 a4+ 40. Ka2 Na5 41. h4 $2 (41. Rfe3 Nb3
42. Re1 Rc6 $17) 41... Nb3 42. Rf1 h5 $1 43. g5 Rd3 44. Bh2 f5 45. Bg1 (45. Re5
Rc5 46. Rxc5 Nxc5 47. Bg1 Ne4 48. Bd4 g6 $19) 45... Rxf4 $1 $19 46. Rfe1 (46.
Rxf4 Nc1+ 47. Kb1 Nxe2) 46... Rxh4 47. Rxe6 Re4 (47... Re4 $1 {Mueller,Ka} 48.
R6xe4 fxe4 49. Be3 (49. Rxe4 $2 Rd1 $19) 49... Ke6 $19) 0-1